016150000a22004570004500003001100000008004100011040003900052041000800091082001300099245004200112260001300154300001000167650003600177650005100213650002200264650006400286650003800350650004900388650003100437650003100468650001400499650003700513650008000550650002500630650003800655650002900693650002000722650002300742650002200765650002400787650003500811650002600846650002900872650003200901650003400933650005100967650002901018942000701047952008801054999001501142LK-CoMWRAF230817t ||||| |||| 00| 0 eng d aLK-CoMWRAFdLK-CoMWRAFeLK-CoMWRAF aeng a743bCEY aThe Ceylon Muslim Scholarship Fund b bac1954 ap.214 aAllama Yusuf Ali by S.M. Fossil aAllama Yusuf Ali, Indian and Islamic Publicist aChairman's Report aCMSF 10th Ramazan Appeal Appreciations the late M.H.A. Aziz aCMSF Office-bearers & Staff, 1954 aCMSF Religious knowledge (Islam) Examination aCMSF the Board of Trustees aCommentaries on the Qur'an aEducation aEducational needs of the Muslims aExtracts from the Presidential Address of Allama Yusuf Ali by Dr.S.M. Yusuf aList of Contributors aMoral Education: Aims and Methods aOrdinance No. 19 of 1946 aOur Benefactors aPersonality of man aRules of the CMSF aThe Balance Sheets  aThe Beauties of the Holy Quran aThe Board of Trustees aThe Idea of God in Islam aThe Muslim Youths in Ceylon aThe Religious Polity of Islam aTranslations of the Qur'an by Allama Yusuf Ali aYusuf Ali 's Holy Qur'an cBK 00104070aMAINbMAINd2023-08-17l0o743 CEYpRAF4382r2023-08-17w2023-08-17yBK c2010d2010